LIBRARY & INFORMATION CENTRE, KCAET, TAVANUR

ONLINE PUBLIC ACCESS CATALOGUE (OPAC)

Principles of Agricultural Engineering, Vol 2 / (Record no. 14818)

MARC details
000 -LEADER
fixed length control field 01269cam a2200181ua 4500
003 - CONTROL NUMBER IDENTIFIER
control field OSt
008 - FIXED-LENGTH DATA ELEMENTS--GENERAL INFORMATION
fixed length control field 220124b ||||| |||| 00| 0 eng d
020 ## - INTERNATIONAL STANDARD BOOK NUMBER
ISBN 9788183601849
082 ## - DEWEY DECIMAL CLASSIFICATION NUMBER
Classification number 631.1
Item number MIC/PR
100 ## - MAIN ENTRY--AUTHOR NAME
Personal name Michael, A.M.
245 ## - TITLE STATEMENT
Title Principles of Agricultural Engineering, Vol 2 /
250 ## - EDITION STATEMENT
Edition statement 4th
260 ## - PUBLICATION, DISTRIBUTION, ETC. (IMPRINT)
Place of publication New Delhi :
Name of publisher Jain Brothers ,
Year of publication 2017
300 ## - PHYSICAL DESCRIPTION
Number of Pages 1123p.
505 ## - FORMATTED CONTENTS NOTE
Formatted contents note PART I - SURVEYING FOR SOIL CONSERVATION, IRRIGATION AND DRAINAGE 1. Measurement of Distances and Areas 2. Levels and Levelling 3. Topographic Surveying and Job Layout .<br/> PART II - IRRIGATION 1. Water Resources and Their Utilization 2. Irrigation Wells and Tanks 3. Water Lifts and Pumps for Irrigation 4. Measurement, Conveyance and Control of Irrigation Water on the Farm 5. Soil-Plant-Water Relationships, Land Development and Field Layout 6. Irrigation Methods .<br/> PART III - DRAINAGE 1. Field Surface Drainage 2. Subsurface Drainage .<br/>PART IV - SOIL AND WATER CONSERVATION 1. Soil Erosion Problems and Process 2. Wind Erosion and its Control 3. Field Structures and Practises to Control Erosion by Water 4. Gully Control and Ravine Reclamation 5. Permanent Structures for Soil and Water Conservation and Gully Control.
700 1# - ADDED ENTRY--PERSONAL NAME
Personal name Ojha, T.P.
942 ## - ADDED ENTRY ELEMENTS (KOHA)
Koha item type Books
Holdings
Withdrawn status Lost status Damaged status Collection code Home library Current library Shelving location Date acquired Source of acquisition Cost, normal purchase price Full call number Accession Number Koha item type
        KAUAET KAUAET General Stacks 30/03/2017 Aman Books 675.00 631.1 MIC/PR 25529 Books
        KAUAET KAUAET General Stacks 30/03/2017 Aman Books 675.00 631.1 MIC/PR 25530 Books
        KAUAET KAUAET General Stacks 30/03/2017 Aman Books 675.00 631.1 MIC/PR 25531 Books
        KAUAET KAUAET General Stacks 30/03/2017 Aman Books 675.00 631.1 MIC/PR 25532 Books
        KAUAET KAUAET General Stacks 30/03/2017 Aman Books 675.00 631.1 MIC/PR 25533 Books
        KAUAET KAUAET General Stacks 30/03/2017 Aman Books 675.00 631.1 MIC/PR 25534 Books
        KAUAET KAUAET General Stacks 30/03/2017 Aman Books 675.00 631.1 MIC/PR 25535 Books
        KAUAET KAUAET General Stacks 30/03/2017 Aman Books 675.00 631.1 MIC/PR 25536 Books
        KAUAET KAUAET General Stacks 30/03/2017 Aman Books 675.00 631.1 MIC/PR 25537 Books
        KAUAET KAUAET General Stacks 30/03/2017 Aman Books 675.00 631.1 MIC/PR 25538 Books
free website counter